The Stateman's Year-Book 1974-1975. (Record no. 2624)

MARC details
000 -LEADER
fixed length control field 00364nam a22001217a 4500
005 - DATE AND TIME OF LATEST TRANSACTION
control field 20200922100331.0
008 - FIXED-LENGTH DATA ELEMENTS--GENERAL INFORMATION
fixed length control field 200922b ||||| |||| 00| 0 eng d
020 ## - INTERNATIONAL STANDARD BOOK NUMBER
International Standard Book Number 333141083
040 ## - CATALOGING SOURCE
Transcribing agency CML
245 ## - TITLE STATEMENT
Title The Stateman's Year-Book 1974-1975.
Statement of responsibility, etc. Paxton, J.
260 ## - PUBLICATION, DISTRIBUTION, ETC.
Place of publication, distribution, etc. London
Name of publisher, distributor, etc. The Macmillan Press
Date of publication, distribution, etc. 1974
942 ## - ADDED ENTRY ELEMENTS (KOHA)
Source of classification or shelving scheme Dewey Decimal Classification
Koha item type Books
Edition 111th Edition
Classification part 300
Call number prefix R
Holdings
Withdrawn status Lost status Source of classification or shelving scheme Damaged status Not for loan Collection code Home library Current library Shelving location Date acquired Total Checkouts Full call number Date last seen Copy number Price effective from Koha item type
    Dewey Decimal Classification     Social Sciences Chalimbana Main Library Chalimbana Main Library Social Sciences 09/22/2020   R 300 09/22/2020 1 09/22/2020 Books

Powered by Koha